| 000 | 00631nam a2200181Ia 4500 | ||
|---|---|---|---|
| 008 | 100921s9999 xx 000 0 und d | ||
| 082 |
_b40030 _a891.463 न 05 |
||
| 100 | _aमहाजन भास्कर. | ||
| 245 | _aइच्छाधारी. | ||
| 260 |
_bपार्टनर प्रकाशन, मुंबई. _c2005 |
||
| 300 |
_a192 _bजयेश एजन्सी,पुणे. |
||
| 365 | _b170 | ||
| 520 | _aललित-कादंबरी. | ||
| 630 | _aइच्छाधारी. | ||
| 650 | _aललित-कादंबरी. | ||
| 730 | _aइच्छाधारी. | ||
| 942 | _cBOOK | ||
| 999 |
_c789143 _d789140 |
||